00768nam a2200193 i 450000100060000000300090000600500170001500700030003200800410003510000300007624501560010626000430026230000220030570000350032770000410036285200320040399900170043595201220045295822ES-MaACL20250927162917.0t|050606s1969 sp ||||1| spa d1 aMcGregor, Douglas.97957313aLa participación en la industria / cpor Douglas McGregor; prólogo y supervisión por Juan N. García Nieto; [versión Esteban Riambau Saurí]. aBarcelona : bHispano Europea, c1969. a299 p. ; c22 cm.1 aGarcía-Nieto, Joan N.9550281 aRiambau, Esteve, d1925-19949156353 aES-MaACLjC-44682 bR.73185 c95822d95822 00104070aATENEOMbATENEOMcDEPO2d2008-01-17eSCl0oC-44682p1100054r2023-02-23 00:00:00w2023-02-23yMONOGRAFIA